| 000 | 01189cam a2200301 i 4500 | ||
|---|---|---|---|
| 003 | SA-RiAUC | ||
| 005 | 20250210065845.0 | ||
| 008 | 250204s1996 le g b 00000 ara c | ||
| 040 |
_aSA-RiAUC _bara _cSA-RiAUC _erda |
||
| 043 | _af-ti--- | ||
| 082 | 0 | 4 | _a071.611 |
| 090 |
_a071.611 _bس ا ح |
||
| 100 | 1 |
_aالساحلي، حمادي، _d1928-2002 _eمؤلف. |
|
| 245 | 1 | 2 |
_aالصحافة الهزلية في تونس : _bنشأتها وتطورها 1906-1956 / _cحمادي الساحلي. |
| 250 | _aالطبعة الأولى. | ||
| 264 | 1 |
_aبيروت : _bدار الغرب الإسلامي، _c1996 |
|
| 300 |
_a237،7 صفحة ؛ _c23 سم |
||
| 336 |
_aنص _btxt _2rdacontent _3كتاب |
||
| 337 |
_aبدون وسيط _bn _2rdamedia |
||
| 338 |
_aمجلد _bnc _2rdacarrier |
||
| 504 | _aببليوجرافية : صفحة 227-223. | ||
| 650 | 7 |
_aالصحافة _zتونس _xتاريخ _yقرن 20 _2aucsh |
|
| 650 | 7 |
_aالأهاجي والفكاهات في الصحافة _zتونس _xتاريخ _yقرن 20 _2aucsh |
|
| 650 | 7 |
_aالصحافة _zتونس _2aucsh |
|
| 651 | 7 |
_aتونس _vصحف _2aucsh |
|
| 942 |
_2ddc _cBOOK _n0 |
||
| 949 |
_aSA-JeALM _d250204 _umohamedma123 _n1 |
||
| 999 |
_c5766 _d5766 |
||